The most "..." country - Statistics

General Stats
  • This quiz has been taken 44 times
  • The average score is 8 of 16
Answer Stats
Hint Extra Hint Explanation Answer % Correct
The most dangerous country GPI Afghanistan
85%
The most populated country India
79%
The biggest country by land area Russia
79%
The newest country South sudan
73%
The most safe country GPI Iceland
61%
The less populated country Vatican City
58%
The most expensive country COL per month COL=Cost of living Monaco
48%
The less densely populated country Density/Km² Mongolia
48%
The richest country GDP per capita Luxembourg
45%
The most desert country By percentage Libya
42%
The poorest country GDP per capita chad
39%
The most forested country By percentage Suriname
36%
The oldest country Iran
27%
The smallest country by land area Not recognized Sealand
27%
The cheapest country COL per month COL=Cost of living Pakistan
21%
The most densely populated country Density/Km² Not a country but a special administrative region of China Macau
12%
No matching quizzes found
Score Distribution
Percent of People with Each Score
Percentile by Number Answered
Your Score History
You have not taken this quiz